000
00332 a2200157 4500
001
193076
020
_a
978-85-380-3027-0
040
_c
Magnum
100
_a
Chivers, Natalie
240
1
0
_a
A grande coceira
_l
por
245
1
0
_a
A grande coceira
300
_a
24
362
0
_a
2012
697
_a
LITERATURA INFANTIL
942
_c
BK
999
_c
193076
_d
193076